Ekonomické a environmentálne aspekty spracovania biomasy pre energetické účely vo vybranom podniku diplomová práca

Gespeichert in:
Bibliographische Detailangaben
1. Verfasser: Migaľová, Radka
Körperschaft: Podnikovohospodárska fakulta EU so sídlom v Košiciach. Katedra ekonómie
Weitere Verfasser: Andrejovský, Pavol, 1975-
Format: Buch
Sprache:Slowakisch
Veröffentlicht: Košice 2017
Tags: Tag hinzufügen
Keine Tags, Fügen Sie das erste Tag hinzu!

MARC

LEADER 00000nbm a2200000 4500
001 0235278
005 20240827092125.9
041 0 |a slo 
044 |a SK 
245 1 0 |a Ekonomické a environmentálne aspekty spracovania biomasy pre energetické účely vo vybranom podniku  |b diplomová práca  |c Radka Migaľová ; školiteľ: Pavol Andrejovský 
264 1 |a Košice  |c 2017 
300 |a 62 s. 
100 1 |a Migaľová, Radka 
700 1 |a Andrejovský, Pavol, 1975- 
710 2 |a Podnikovohospodárska fakulta EU so sídlom v Košiciach. Katedra ekonómie